000 00203 a2200097 4500
001 2033
100 _aMurphy, J S
245 _aBasics of digital computers.
260 _a
_bRider
_c
090 _c1503
_d1503
942 _aNUST-CAE
_cM
_c5592
999 _c237106
_d237106